000
00282 a2200145 4500
001
194895
040
_c
Magnum
100
_a
COUTRO, Ana Luiza
240
1
0
_a
No circo
_l
por
245
1
0
_a
No circo
300
_a
6
362
0
_a
2020
697
_a
LITERATURA INFANTIL
942
_c
BK
999
_c
194895
_d
194895